000 00368 a2200121 4500
090 _c6530
_d6530
100 _aIBM
245 _aDb2 Warehouse managent : High availability and problem determination guide
_cIBM
260 _aUSA :
_bInternational Business Machines Corporation,
_c2002.
300 _axxiv, 376 p. ;
_c27 cm.
500 _aIBM Manual
942 _cBK
_k005.74 IBM
999 _c10361
_d10361